[Event "IECC CL5-2007.03 email"]
[Site "IECC email"]
[Date "2007.02.19"]
[Round "?"]
[White "Kohn, Douglas Jay"]
[Black "Lee, Richard Henry"]
[Result "0-1"]
[WhiteElo "1470"]
[BlackElo "1422"]
[PlyCount "58"]
[EventDate "2007.??.??"]
[EventType "tourn (corr)"]
[EventRounds "4"]
[SourceTitle "Corr 2008"]
[Source "ChessBase"]
[SourceDate "2008.06.24"]
[SourceVersion "1"]
[SourceVersionDate "2008.06.24"]
[SourceQuality "1"]
[WhiteTeam "US of America"]
[BlackTeam "US of America"]
[WhiteTeamCountry "USA"]
[BlackTeamCountry "USA"]

1. e4 Nf6 2. f3 e5 3. d4 exd4 4. Qxd4 Nc6 5. Qc3 Bb4 6. Bc4 Bxc3+ 7. Nxc3 Ne5 8. Bb3 0-0 9. Bf4 d6 10. 0-0-0 Bd7 11. g4 Nfxg4 12. fxg4 Nxg4 13. h3 Nf2 14. Nf3 Nxd1 15. Rxd1 Bxh3 16. Ng5 h6 17. Nxh3 Qh4 18. Be6 fxe6 19. Nb5 Rac8 20. b3 Qxh3 21. Nxa7 Ra8 22. Rd3 Qf1+ 23. Rd1 Qxf4+ 24. Rd2 Rxa7 25. c4 Qe5 26. Re2 Qa1+ 27. Kd2 Rxa2+ 28. Kd3 Qd1+ 29. Rd2 Qxd2# 0-1

[Event "IECC M email"]
[Site "IECC email"]
[Date "2000.05.15"]
[Round "?"]
[White "Gorissen, Peter"]
[Black "Kohn, Douglas Jay"]
[Result "1-0"]
[WhiteElo "1441"]
[BlackElo "1277"]
[PlyCount "75"]
[EventDate "2000.??.??"]
[EventType "tourn (corr)"]
[EventRounds "2"]
[SourceTitle "Corr 2008"]
[Source "ChessBase"]
[SourceDate "2008.06.24"]
[SourceVersion "1"]
[SourceVersionDate "2008.06.24"]
[SourceQuality "1"]

1. d4 d6 2. e4 g6 3. Nc3 f5 4. exf5 Bxf5 5. Bd3 c5 6. Bxf5 gxf5 7. Qh5+ Kd7 8. Qxf5+ e6 9. Qf7+ Qe7 10. Qxe7+ Bxe7 11. dxc5 dxc5 12. Bf4 Nc6 13. 0-0-0+ Nd4 14. Ne4 Nf6 15. Nxf6+ Bxf6 16. c3 e5 17. Bg3 Bg5+ 18. Kb1 Rae8 19. f4 exf4 20. Bf2 Re4 21. cxd4 cxd4 22. Bxd4 Rc8 23. Bf6+ Ke6 24. Bxg5 Rc5 25. Nh3 Re2 26. Nxf4+ Kf5 27. Nxe2 Kxg5 28. Rd7 Rf5 29. Nd4 Re5 30. Nf3+ Kf5 31. Nxe5 Kxe5 32. Re1+ Kf6 33. Rxh7 Kg6 34. Rxb7 a6 35. Rb6+ Kf5 36. Rxa6 Kf4 37. Ra5 Kg4 38. Re4# 1-0

[Event "IECC CL6-2000.17"]
[Site "IECC email"]
[Date "2000.05.13"]
[Round "?"]
[White "Kaczmarek, Michal"]
[Black "Kohn, Douglas Jay"]
[Result "1-0"]
[WhiteElo "1105"]
[BlackElo "1250"]
[PlyCount "79"]
[EventDate "2000.??.??"]
[EventType "tourn (corr)"]
[EventRounds "4"]
[SourceTitle "Corr 2008"]
[Source "ChessBase"]
[SourceDate "2008.06.24"]
[SourceVersion "1"]
[SourceVersionDate "2008.06.24"]
[SourceQuality "1"]

1. e4 Nf6 2. e5 Nd5 3. c4 Nb6 4. d4 d5 5. c5 Nc4 6. Bxc4 dxc4 7. Qa4+ Nc6 8. Be3 b5 9. Qxb5 Qd7 10. Qxc4 Na5 11. Qc3 Nc6 12. Nf3 f6 13. b4 g5 14. Qc4 g4 15. Nfd2 e6 16. exf6 Qd5 17. Qxd5 exd5 18. a3 a5 19. b5 Na7 20. a4 c6 21. b6 Ba6 22. bxa7 Rxa7 23. f3 Rg8 24. fxg4 Rxg4 25. g3 Rg6 26. Nc3 Rxf6 27. Ne2 Re6 28. Ra3 Rb7 29. Rf1 Bg7 30. Rf2 h6 31. Nf4 Rb2 32. Nxe6 Rc2 33. Nxg7+ Ke7 34. Nf3 Rc1+ 35. Bxc1 Bc4 36. Ne5 h5 37. Rf7+ Kd8 38. Nxc6+ Kc8 39. Nf5 h4 40. Nd6# 1-0